000 00460nam a2200181Ia 4500
001 22348
005 20260414150825.0
008 260414t2004||||xx |||||||||||||| ||spa||
041 _aESP
082 _a621.3192
_bP61 2004 T. 2
100 _aPueyo, Héctor O.
_eAUT
245 0 _aCircuitos eléctricos :
_banálisis de modelos circuitales
260 _c2004
300 _apágs. :
_c23 cm.
650 _aTCA
654 _aCET
942 _cLIB
_dJUS
_fJUS
_2ddc
_n
999 _c22348
_d22348